El tercer reich

La obra tiene como protagonista al joven alemán Udo Berger, que toma en una zona turística de la Costa Brava, en Cataluña, sus primeras vacaciones en compañía de su novia Ingeborg, alojándose en el hotel Del Mar, en el cual solía pasar cuando pequeño sus vacaciones junto a su familia. Udo es el camp...

Descripción completa

Detalles Bibliográficos
Autor principal: Bolaño, Roberto 1953-2003
Formato: Libro
Lenguaje:español
Publicado: Barcelona: Anagrama, 2010.
Colección:Narrativas Hispánicas 466
Materias:
Acceso en línea:

MARC

LEADER 00000cam a2200000 a 4500
001 028276
003 UAHC_CL
005 20191016160705.0
008 111209s1999 sp 000 1 spa
952 |0 0  |1 0  |4 0  |6 CH_863_000000000000000_BOLR  |7 0  |8 COMP  |9 56034  |a BC  |b BC  |c General  |d 2017-08-03  |l 1  |m 3  |o Ch863 BOLR  |p 1390996  |r 2025-11-26 00:00:00  |s 2019-10-14  |t c.1  |w 2017-08-03  |y BK 
999 |c 28276  |d 28276 
020 |a 9788433972057 
040 |a UAHC_CL  |c UAHC_CL  |d UAHC_CL 
082 0 4 |a Ch863  |b B687  |2 21 
100 |a Bolaño, Roberto   |d 1953-2003  |9 9183 
245 1 3 |a El tercer reich   |c Roberto Bolaño. 
260 |a Barcelona:  |b Anagrama,  |c 2010. 
300 |a 360 p. 
490 0 |a Narrativas Hispánicas  |v 466 
520 |a La obra tiene como protagonista al joven alemán Udo Berger, que toma en una zona turística de la Costa Brava, en Cataluña, sus primeras vacaciones en compañía de su novia Ingeborg, alojándose en el hotel Del Mar, en el cual solía pasar cuando pequeño sus vacaciones junto a su familia. Udo es el campeón de juegos de guerra en su país, y goza de buena salud e independencia económica. En lugar de salir del hotel a disfrutar de la playa, él prefiere quedarse en la habitación estudiando las estrategias de su juego El Tercer Reich. En sus vacaciones conocen a otra pareja de alemanes, Charly y Hanna, con quienes conocerán lugares poco frecuentados por los turistas, así como a personajes de dudosa reputación como el Lobo y el Cordero, pero por sobre todo a El Quemado, un personaje solitario, misterioso y quizás provisto de sabiduría, que trabaja en la playa alquilando patines a vela. Dentro y fuera del hotel, administrado por la hermosa Frau Else, que ya desde pequeño llamada la atención de Udo, se producirán extraños sucesos, tales como poco convencionales formas y deformaciones del nazismo, o un reemplazo de la realidad por aquella ficción presente en los juegos y la literatura.2​  
650 0 |a Novelas chilenas  |9 338 
653 |a COMPLEMENTARIA 
900 |a Ch863 BOLR 
942 |c BK